Samson agonistes and shorter poems

Salvato in:
Dettagli Bibliografici
Autore principale: Milton, John
Natura: Libro
Lingua:Undetermined
Pubblicazione: Arlington Heoghts, Illinois 1950
Soggetti:
Tags: Aggiungi Tag
Nessun Tag, puoi essere il primo ad aggiungerne! !
Thư viện lưu trữ: Trung tâm Học liệu Trường Đại học Cần Thơ
LEADER 00507nam a2200181Ia 4500
001 CTU_40809
008 210402s9999 xx 000 0 und d
082 |a 811.1 
082 |b M662 
100 |a Milton, John 
245 0 |a Samson agonistes and shorter poems 
245 0 |c John Milton ; Edited by A. E. Barker 
260 |a Arlington Heoghts, Illinois 
260 |c 1950 
650 |a American poetry 
650 |y 17th century 
904 |i Minh 
980 |a Trung tâm Học liệu Trường Đại học Cần Thơ